000 01014nam a22002897a 4500
001 03773
003 HDC
007 cr bn ---aaaaa
008 210111t1998 nyu||||| |||| 00| 0 eng
020 _a0-203-22306-3
040 _aHDC
100 _aPueyo, José J.
_eauthor
_93564
245 0 _aAgricultural Biotechnology. Chapter 10 :
_bProduction of Foreign Compounds in Transgenic Plants / by
_cJosé J.Pueyo, Andrew Hiatt
260 _aNew York :
_bMARCEL DEKKER,
_c1998
300 _a11 pages
336 _atext
_2rdacontent
337 _acomputer
_2rdamedia
338 _aonline resource
_2rdacarrier
650 _aAgricultural Biotechnology
_91565
650 _aForeign Compounds
_93565
650 _aTransgenic Plants
_93566
700 _aHiatt, Andrew
_eauthor
_93567
856 _zRequest full-text at [email protected]
942 _2lcc
942 _cCHAP
942 _kEBCH 001695
999 _c1109
_d1109